Die 21 größten Spiele Firmen der Welt - Statistiken

Allgemein
  • Dieses Quiz wurde 205 mal gespielt
  • Das Durchschnittsergebnis liegt bei 5 aus 21
Antwortstatistiken
Umsatz Firma % Korrekt
(5,6 Mrd. USD) EA
71%
(15,8 Mrd. USD) Nintendo
69%
(2,6 Mrd. USD) Ubisoft
64%
(23,3 Mrd. USD) Sony
63%
(13,8 Mrd. USD) Microsoft
62%
(1,9 Mrd. USD) Sega
20%
(29,3 Mrd. USD) Tencent
18%
(8,5 Mrd. USD) Activision Blizzard
14%
(1,8 Mrd. USD) Konami
13%
(3,1 Mrd. USD) Bandai Namco
11%
(0,77 Mrd. USD) Capcom
10%
(0,55 Mrd. USD) CD Projekt
10%
(2,3 Mrd. USD) Square Enix
10%
(3,4 Mrd. USD) Take-Two
10%
(1,8 Mrd. USD) Roblox
5%
(1,6 Mrd. USD) Krafton
3%
(8,4 Mrd. USD) NetEase
2%
(2,4 Mrd. USD) Nexon
2%
(0,95 Mrd. USD) Embracer Group
1%
(4,7 Mrd. USD) Garena
1%
(2,8 Mrd. USD) Zynga
1%
Keine übereinstimmenden Quizze gefunden
Verteilung der Resultate
Anzahl Personen mit jedem Resultat
Perzentil nach korrekt beantworteten Fragen
Ihre Resultats-Entwicklung
Sie haben dieses Quiz noch nicht gespielt